000 01093pam a2200349 i 4500
999 _c408
_d408
001 020939416
003 UkOxU
005 20190903092428.0
008 170411s2017 enka b 001|0ceng|d
015 _aGBB793100
_2bnb
016 7 _a018367539
_2Uk
020 _a9781781254295 (hbk.) :
035 _a(Uk)018367539
040 _aStDuBDS
_beng
_erda
_cStDuBDS
_dUk
042 _aukblcatcopy
082 0 4 _a920 STE
_223
100 1 _aStewart, Ian,
_d1945-
_eauthor.
245 1 0 _aSignificant figures :
_blives and works of trailblazing mathematicians /
_cIan Stewart.
264 1 _aLondon :
_bProfile Books,
_c2017.
300 _avi, 305 pages :
_billustrations ;
_c24 cm
336 _atext
_2rdacontent
337 _aunmediated
_2rdamedia
338 _avolume
_2rdacarrier
500 _aFormerly CIP.
_5Uk
504 _aIncludes bibliographical references and index.
530 _aAlso issued online.
650 0 _aMathematicians
_vBiography.
650 0 _aMathematics
_xHistory.
776 0 8 _iebook version :
_z9781782831495
942 _2ddc
_cNFIC